00700nam a2200217 i 4500001000300000100003100003245004300034260006100077300004300138504002200181650002400203655003000227015001800257020001800275040000800293041000800301044000800309080002600317008004100343856009800384bg1 aLotko, Wincentyd(1946- ).10aŚwiece zapłonowe /cWincenty Lotko. aRadom :bPolitechnika Radomska. Wydawnictwo,ccop. 2008. a179 s. :bil. (w tym kolor.) ;c24 cm. aBibliogr. s. 167. 9aŚwiece zapłonowe aPodręczniki akademickie aPB 12119/2008 a9788373511798 cBPK0 apol aPOL a621.43:629.33](075.8)080417s2008 pl a f f |000 0 pol  uhttp://koha.tu.koszalin.pl/cgi-bin/koha/opac-detail.pl?biblionumber=55431yKatalog online BPK